| 000 | 00675cam a22002053a 4500 | ||
|---|---|---|---|
| 001 | 41103 | ||
| 003 | PGUSA | ||
| 005 | 20140828083927.0 | ||
| 008 | 121018s2012||||xxu|||||s|||||000 | eng d | ||
| 040 |
_aPGUSA _beng |
||
| 042 | _adc | ||
| 100 | 1 |
_aHulbert, Archer Butler, _d1873-1933 |
|
| 245 | 1 | 0 |
_aHistoric Highways of America (Vol. 9) : _bWaterways of Westward Expansion - The Ohio River and its Tributaries _h[electronic resource] / _cArcher Butler Hulbert |
| 260 |
_bProject Gutenberg, _c2012 |
||
| 506 | _aPublic domain in the USA. | ||
| 516 | _aElectronic text | ||
| 830 | 0 |
_aProject Gutenberg _v41103 |
|
| 856 | 4 | 0 | _uhttp://www.gutenberg.org/ebooks/41103 |
| 942 | _cEB | ||
| 999 |
_c270355 _d270355 |
||